Central Library OPAC University of Rajshahi

মুসলিম বাংলার সাময়িক পত্র: (Record no. 45377)

MARC details
000 -LEADER
fixed length control field 01009nam a2200265 a 4500
001 - CONTROL NUMBER
control field 45377
003 - CONTROL NUMBER IDENTIFIER
rucl marc code BD-RjUL
005 - DATE AND TIME OF LATEST TRANSACTION
control field 20211209054013.0
008 - FIXED-LENGTH DATA ELEMENTS--GENERAL INFORMATION
fixed length control field 160725s1969 bg ||||| |||| 001 0 ben d
020 ## - INTERNATIONAL STANDARD BOOK NUMBER
Terms of availability : Tk. 16.00
035 ## - SYSTEM CONTROL NUMBER
System control number (BD-RjUL)45495
040 ## - CATALOGING SOURCE
Original cataloging agency BD-RjUL
Language of cataloging ben
Transcribing agency BD-RjUL
041 ## - LANGUAGE CODE
Language code of text/sound track or separate title ben
082 ## - DEWEY DECIMAL CLASSIFICATION NUMBER
Edition number 23
Classification number 079.5492
Author mark and year ANM 1969
100 1# - MAIN ENTRY--PERSONAL NAME
Personal name আনিসুজ্জামান
9 (RLIN) 138935
245 10 - TITLE STATEMENT
Title মুসলিম বাংলার সাময়িক পত্র:
Remainder of title [১৮৩১-১৯৩০] /
Statement of responsibility, etc. আনিসুজ্জামান
260 ## - PUBLICATION, DISTRIBUTION, ETC. (IMPRINT)
Place of publication, distribution, etc. ঢাকা :
Name of publisher, distributor, etc. বাংলা একাডেমী,
Date of publication, distribution, etc. ১৯৬৯
300 ## - PHYSICAL DESCRIPTION
Pagination [৫৫], ৫৯৩ পৃ. ;
Size ২১ সেমি.
490 ## - SERIES STATEMENT
Series statement বাএ ;
Volume/sequential designation ২৬৪
500 ## - GENERAL NOTE
General note নির্ঘণ্ট সংযুক্ত
650 ## - SUBJECT ADDED ENTRY--TOPICAL TERM
Topical term or geographic name as entry element সাংবাদিকতা
Geographic subdivision বাংলাদেশ
9 (RLIN) 124492
Topical term or geographic name as entry element Journalism
Geographic subdivision Bangladesh
9 (RLIN) 124493
830 ## - SERIES ADDED ENTRY--UNIFORM TITLE
Uniform title বাএ ;
Volume number/sequential designation ২৬৪
942 ## - ADDED ENTRY ELEMENTS (KOHA)
Source of classification or shelving scheme Dewey Decimal Classification
Koha item type Books
Holdings
Lost status Source of classification or shelving scheme Damaged status Not for loan Collection code Permanent Location Current Location Shelving location Date acquired Total Checkouts Full call number Date last seen Date checked out Copy number Koha item type Source of acquisition Cost, normal purchase price
  Dewey Decimal Classification     Non-fiction Central Library, University of Rajshahi Central Library, University of Rajshahi   21/06/1986 1 B 079.5492 ANM 1969 18/12/2016 07/12/2016 C-2 Books    
  Dewey Decimal Classification   Not For Loan Non-fiction Central Library, University of Rajshahi Central Library, University of Rajshahi Reading Room 16/05/1970   B 079.5492 ANM 1969 05/12/2016   C-1 Books Nawroge 16.00
  Dewey Decimal Classification   Not For Loan Rare Books Central Library, University of Rajshahi Central Library, University of Rajshahi Rare Book Section 13/08/2018   BRA 079.5492 ANM 1969 13/08/2018   C-3 Rare Books    
  Dewey Decimal Classification     Non-fiction Central Library, University of Rajshahi Central Library, University of Rajshahi   21/06/1986   B 079.5492 ANM 1969 13/01/2020   C-4 Books Photocopy, RUCL